[Event "Pirot Generations m 2nd"]
[Site "Pirot"]
[Date "2023.12.27"]
[Round "5.3"]
[White "Hsiao, Ethan"]
[Black "Milosevic, Slavisa"]
[Result "0-1"]
[WhiteElo "2057"]
[BlackElo "2183"]
[PlyCount "46"]
[EventDate "2023.12.27"]
[EventType "schev"]
[EventRounds "8"]
[EventCountry "SRB"]
[SourceTitle "CB01_2024"]
[SourceDate "2024.01.03"]
[SourceVersion "1"]
[SourceVersionDate "2024.01.03"]
[SourceQuality "1"]
[WhiteTeam "Youth"]
[BlackTeam "Experts"]
[WhiteTeamCountry "USA"]
[BlackTeamCountry "SRB"]

1. e4 c5 2. Nf3 a6 3. d4 cxd4 4. Nxd4 Nf6 5. Nc3 e5 6. Nf3 Bb4 7. Bd2 Nc6 8. Bd3 d5 9. exd5 Nxd5 10. Nxd5 Qxd5 11. a3 Bxd2+ 12. Qxd2 Bg4 13. 0-0-0 Qa2 14. Qg5 Bxf3 15. gxf3 Qa1+ 16. Kd2 Qxb2 17. Qxg7 0-0-0 18. Rb1 Rxd3+ 19. Kxd3 Rd8+ 20. Ke3 Qc3+ 21. Ke2 Qxc2+ 22. Ke3 Qd2+ 23. Ke4 Qf4# 0-1

[Event "Pirot Generations m 2nd"]
[Site "Pirot"]
[Date "2023.12.27"]
[Round "8.2"]
[White "Li, Iris"]
[Black "Milosevic, Slavisa"]
[Result "1/2-1/2"]
[WhiteElo "2147"]
[BlackElo "2183"]
[PlyCount "52"]
[EventDate "2023.12.27"]
[EventType "schev"]
[EventRounds "8"]
[EventCountry "SRB"]
[SourceTitle "CB01_2024"]
[SourceDate "2024.01.03"]
[SourceVersion "1"]
[SourceVersionDate "2024.01.03"]
[SourceQuality "1"]
[WhiteTeam "Youth"]
[BlackTeam "Experts"]
[WhiteTeamCountry "USA"]
[BlackTeamCountry "SRB"]

1. e4 c5 2. Nf3 a6 3. c3 g6 4. d4 cxd4 5. cxd4 Bg7 6. Nc3 d6 7. Be3 Nf6 8. h3 0-0 9. Be2 Nbd7 10. 0-0 e5 11. Qd2 exd4 12. Nxd4 Nc5 13. f3 d5 14. exd5 Nxd5 15. Bf2 Nxc3 16. bxc3 Qc7 17. Rfe1 b5 18. Bf1 Bb7 19. Rac1 Rfd8 20. Qb2 Na4 21. Qb3 Nb6 22. Red1 Rac8 23. Ne6 fxe6 24. Qxe6+ Kh8 25. Bxb6 Rxd1 26. Bxc7 Rxc1 1/2-1/2

[Event "Pirot Generations m 2nd"]
[Site "Pirot"]
[Date "2023.12.27"]
[Round "6.3"]
[White "Milosevic, Slavisa"]
[Black "Hsiao, Ethan"]
[Result "1-0"]
[WhiteElo "2183"]
[BlackElo "2057"]
[PlyCount "63"]
[EventDate "2023.12.27"]
[EventType "schev"]
[EventRounds "8"]
[EventCountry "SRB"]
[SourceTitle "CB01_2024"]
[SourceDate "2024.01.03"]
[SourceVersion "1"]
[SourceVersionDate "2024.01.03"]
[SourceQuality "1"]
[WhiteTeam "Experts"]
[BlackTeam "Youth"]
[WhiteTeamCountry "SRB"]
[BlackTeamCountry "USA"]

1. e4 e6 2. d4 d5 3. exd5 exd5 4. Qf3 Nf6 5. h3 Qe7+ 6. Ne2 c5 7. Bg5 Nc6 8. Bxf6 gxf6 9. dxc5 Qe5 10. Nbc3 Be6 11. 0-0-0 0-0-0 12. Kb1 d4 13. Na4 Bxc5 14. Nxc5 Qxc5 15. Nc1 Nb4 16. Rd2 Rd6 17. Nb3 Qb6 18. Bd3 Nxa2 19. Bf5 Nb4 20. c3 Nc6 21. Nxd4 Ne5 22. Bxe6+ Rxe6 23. Qf5 Nc4 24. Re2 Nd6 25. Rxe6 fxe6 26. Qxe6+ Kb8 27. Qxf6 Re8 28. Rd1 Qc5 29. Nb3 Qf5+ 30. Qxf5 Nxf5 31. g4 Nh4 32. Rd7 1-0

[Event "Pirot Generations m 2nd"]
[Site "Pirot"]
[Date "2023.12.27"]
[Round "7.2"]
[White "Milosevic, Slavisa"]
[Black "Li, Iris"]
[Result "1-0"]
[WhiteElo "2183"]
[BlackElo "2147"]
[PlyCount "109"]
[EventDate "2023.12.27"]
[EventType "schev"]
[EventRounds "8"]
[EventCountry "SRB"]
[SourceTitle "CB01_2024"]
[SourceDate "2024.01.03"]
[SourceVersion "1"]
[SourceVersionDate "2024.01.03"]
[SourceQuality "1"]
[WhiteTeam "Experts"]
[BlackTeam "Youth"]
[WhiteTeamCountry "SRB"]
[BlackTeamCountry "USA"]

1. b4 Nf6 2. Bb2 g6 3. e3 Bg7 4. Nf3 0-0 5. c4 d6 6. d4 c6 7. Be2 a5 8. b5 Qb6 9. Nbd2 a4 10. Rc1 cxb5 11. cxb5 Be6 12. e4 Bg4 13. 0-0 Bxf3 14. gxf3 Nh5 15. Re1 Nf4 16. Nf1 Nd7 17. Ne3 Nxe2+ 18. Qxe2 Nf6 19. f4 Bh6 20. e5 dxe5 21. fxe5 Bxe3 22. fxe3 Nd5 23. Rc5 Qe6 24. e4 Nf4 25. Qf3 Qxa2 26. Ba3 Qd2 27. Rf1 Qxd4+ 28. Kh1 f5 29. Qxf4 fxe4 30. Qc1 Kg7 31. Re1 Qf2 32. Qe3 Qf3+ 33. Kg1 Qg4+ 34. Qg3 Qxg3+ 35. hxg3 Rf3 36. Ra1 Rd3 37. Rc7 Kh6 38. Rxe7 Rxg3+ 39. Kf2 Rh3 40. Rc7 Rd8 41. Bd6 g5 42. Rxa4 e3+ 43. Ke2 Kg6 44. Rxb7 h5 45. Raa7 Kf5 46. b6 g4 47. Rf7+ Ke4 48. Ra4+ Kd5 49. b7 g3 50. Ra8 Rb8 51. Bxb8 g2 52. Rg7 Rh2 53. Kxe3 h4 54. e6 Rh3+ 55. Kf2 1-0

[Event "SRB-chT 2nd League East"]
[Site "Knic"]
[Date "2019.09.07"]
[Round "3.5"]
[White "Milosevic, Slavisa"]
[Black "Randjelovic, Ilija"]
[Result "1-0"]
[WhiteElo "2211"]
[BlackElo "1855"]
[PlyCount "69"]
[EventDate "2019.09.06"]
[EventType "team-tourn"]
[EventRounds "11"]
[EventCountry "SRB"]
[SourceTitle "EXT 2020"]
[Source "ChessBase"]
[SourceDate "2019.10.17"]
[SourceVersion "1"]
[SourceVersionDate "2019.10.17"]
[SourceQuality "1"]
[WhiteTeam "Nis Svitanja"]
[BlackTeam "Aleksinac"]
[WhiteTeamCountry "SRB"]
[BlackTeamCountry "SRB"]

1. e4 c5 2. Nf3 g6 3. d4 cxd4 4. Nxd4 Nc6 5. Nc3 Bg7 6. Be3 Nf6 7. Be2 0-0 8. 0-0 d6 9. f4 Bd7 10. Bf3 Nxd4 11. Bxd4 Bc6 12. Qd2 Re8 13. Rad1 Qa5 14. a3 Rac8 15. Qf2 Nd7 16. b4 Bxd4 17. Qxd4 Qb6 18. b5 Bxb5 19. Qxb6 Nxb6 20. Nxb5 Nc4 21. Rd3 a6 22. Nd4 e5 23. Ne2 f5 24. Rc3 d5 25. exf5 e4 26. Bg4 gxf5 27. Bxf5 Rcd8 28. Rd1 e3 29. a4 b5 30. axb5 axb5 31. Rb3 Ra8 32. Rxb5 Ra2 33. Rbxd5 Nd2 34. Re5 Rd8 35. Be6+ 1-0

[Event "Kragujevac New Year"]
[Site "Kragujevac"]
[Date "2015.01.15"]
[Round "8"]
[White "Milosevic, Slavisa"]
[Black "Gajic, Aleksandar"]
[Result "1-0"]
[WhiteElo "2226"]
[BlackElo "1749"]
[PlyCount "97"]
[EventDate "2015.01.11"]
[EventType "tourn"]
[EventRounds "9"]
[EventCountry "SRB"]
[SourceTitle "CBM 164 Extra"]
[Source "ChessBase"]
[SourceDate "2015.03.02"]
[SourceVersion "1"]
[SourceVersionDate "2015.03.02"]
[SourceQuality "1"]

1. e4 c6 2. Nc3 d5 3. Nf3 Bg4 4. h3 Bxf3 5. Qxf3 e6 6. g3 Nf6 7. Bg2 Qb6 8. 0-0 Nbd7 9. Re1 dxe4 10. Nxe4 Nxe4 11. Qxe4 Bc5 12. Qe2 0-0 13. c3 Nf6 14. d4 Be7 15. Bd2 Rad8 16. b4 Rd7 17. a4 Rfd8 18. Reb1 Qc7 19. Rb2 Nd5 20. Rab1 Bf6 21. f4 Ne7 22. Be1 Nd5 23. Qf3 Nxc3 24. Bxc3 Bxd4+ 25. Bxd4 Rxd4 26. b5 Rxa4 27. bxc6 bxc6 28. Qxc6 Qxc6 29. Bxc6 Rad4 30. Rb8 g6 31. Rxd8+ Rxd8 32. Rb7 Rc8 33. Ba4 Ra8 34. Kf2 Kg7 35. Rc7 a5 36. Ke3 Kf6 37. g4 h6 38. h4 Rd8 39. g5+ hxg5 40. hxg5+ Kg7 41. Ra7 Rc8 42. Rxa5 Rb8 43. Ra7 Rd8 44. Ke4 Rb8 45. Bd7 Kf8 46. Ke5 Rb1 47. Kf6 Rb8 48. Bc6 Kg8 49. Ra8 1-0

[Event "Kragujevac New Year"]
[Site "Kragujevac"]
[Date "2015.01.14"]
[Round "6"]
[White "Markovic, Momcilo"]
[Black "Milosevic, Slavisa"]
[Result "0-1"]
[WhiteElo "1984"]
[BlackElo "2226"]
[PlyCount "56"]
[EventDate "2015.01.11"]
[EventType "tourn"]
[EventRounds "9"]
[EventCountry "SRB"]
[SourceTitle "CBM 164 Extra"]
[Source "ChessBase"]
[SourceDate "2015.03.02"]
[SourceVersion "1"]
[SourceVersionDate "2015.03.02"]
[SourceQuality "1"]

1. e4 c5 2. Nf3 e6 3. d4 cxd4 4. Nxd4 Bc5 5. Nb3 Bb6 6. Nc3 Ne7 7. Bg5 0-0 8. Qd2 Nbc6 9. 0-0-0 a5 10. Be3 a4 11. Bxb6 Qxb6 12. Nd4 a3 13. b3 f5 14. f3 Ra5 15. Ndb5 fxe4 16. fxe4 Rf2 17. Be2 Qc5 18. Rhf1 Rxg2 19. h4 Qe5 20. Nd6 Nb4 21. Nxc8 Nxa2+ 22. Kb1 Nxc3+ 23. Qxc3 a2+ 24. Kb2 Qxc3+ 25. Kxc3 Nxc8 26. b4 Ra8 27. Bc4 Nb6 28. Bb3 Rg4 0-1

[Event "Gligoric Cup 2nd"]
[Site "Kragujevac"]
[Date "2014.12.10"]
[Round "5.3"]
[White "Milosevic, Slavisa"]
[Black "Pavlovic, Milos"]
[Result "0-1"]
[WhiteElo "2233"]
[BlackElo "2472"]
[PlyCount "78"]
[EventDate "2014.12.06"]
[EventType "team-tourn"]
[EventRounds "9"]
[EventCountry "SRB"]
[SourceTitle "CBM 164 Extra"]
[Source "ChessBase"]
[SourceDate "2015.03.02"]
[SourceVersion "1"]
[SourceVersionDate "2015.03.02"]
[SourceQuality "1"]
[WhiteTeam "Cumic Prota"]
[BlackTeam "Goracici Jelica"]
[WhiteTeamCountry "SRB"]
[BlackTeamCountry "SRB"]

1. e4 c5 2. Nf3 Nc6 3. d4 cxd4 4. Nxd4 g6 5. Nc3 Bg7 6. Be3 Nf6 7. Bc4 Qa5 8. 0-0 0-0 9. Re1 d6 10. h3 Bd7 11. Qd2 Qb4 12. Bb3 Rfc8 13. Nxc6 Bxc6 14. Nd5 Qxd2 15. Bxd2 Kf8 16. Bg5 Bxd5 17. exd5 b5 18. Re2 a5 19. a3 h6 20. Bxf6 Bxf6 21. c3 h5 22. g3 h4 23. g4 Be5 24. Kg2 Kg7 25. Rf1 g5 26. Kf3 Kf6 27. Ke4 Rc7 28. Kd3 Rac8 29. Kd2 a4 30. Ba2 b4 31. axb4 a3 32. c4 axb2 33. Kd3 Ra7 34. Bb3 Ra1 35. Ree1 e6 36. dxe6 fxe6 37. f3 d5 38. b5 dxc4+ 39. Bxc4 Ra3+ 0-1

[Event "SRB-chT3 North CS"]
[Site "Sabac"]
[Date "2014.10.04"]
[Round "5.1"]
[White "Milosevic, Slavisa"]
[Black "Stojanovic, Marko"]
[Result "0-1"]
[WhiteElo "2225"]
[BlackElo "2268"]
[PlyCount "84"]
[EventDate "2014.10.02"]
[EventType "team-swiss"]
[EventRounds "6"]
[EventCountry "SRB"]
[SourceTitle "EXT 2021"]
[Source "ChessBase"]
[SourceDate "2020.10.23"]
[SourceVersion "1"]
[SourceVersionDate "2020.10.23"]
[SourceQuality "1"]

1. e4 e5 2. Nf3 Qe7 3. Nc3 c6 4. d4 d6 5. dxe5 dxe5 6. a4 Nf6 7. Bc4 h6 8. 0-0 a5 9. b3 Qc7 10. Nh4 Bc5 11. Qf3 Na6 12. Bd2 Nb4 13. Rac1 Qe7 14. Nf5 Bxf5 15. Qxf5 0-0 16. Nb1 Rad8 17. Qf3 Rd7 18. c3 Na6 19. Rc2 Nc7 20. Re1 Rfd8 21. Bc1 b5 22. axb5 cxb5 23. Be2 Qe6 24. Nd2 Qb6 25. Nb1 Nxe4 26. Be3 Nf6 27. Bxc5 Qxc5 28. Ra2 b4 29. cxb4 axb4 30. Bc4 e4 31. Qe3 Qf5 32. h3 Rd1 33. Rd2 R8xd2 34. Nxd2 Ncd5 35. Bxd5 Nxd5 36. Qe2 Nc3 37. Qe3 Qd5 38. Rxd1 Nxd1 39. Qe1 Nc3 40. Qe3 f5 41. f3 f4 42. Qxf4 Ne2+ 0-1

[Event "Kragujevac-ch"]
[Site "Kragujevac"]
[Date "2013.03.26"]
[Round "5"]
[White "Antic, Nenad"]
[Black "Milosevic, Slavisa"]
[Result "1/2-1/2"]
[WhiteElo "2030"]
[BlackElo "2220"]
[PlyCount "86"]
[EventDate "2013.03.21"]
[EventType "tourn"]
[EventRounds "9"]
[EventCountry "SRB"]
[SourceTitle "CBM 153 Extra"]
[Source "ChessBase"]
[SourceDate "2013.04.22"]
[SourceVersion "1"]
[SourceVersionDate "2013.04.22"]
[SourceQuality "1"]

1. d4 d6 2. Nf3 Nf6 3. c4 c6 4. Nc3 Nbd7 5. Bf4 Nh5 6. Bd2 e5 7. g3 Be7 8. Bg2 0-0 9. 0-0 f5 10. c5 dxc5 11. Qb3+ Kh8 12. dxe5 Qc7 13. Qe6 Nb6 14. Qb3 c4 15. Qc2 Be6 16. Rad1 Rae8 17. Bh3 Bc8 18. Kg2 g6 19. Bh6 Ng7 20. e4 fxe4 21. Qxe4 Bxh3+ 22. Kxh3 Rf5 23. Kg2 Ne6 24. g4 Rf7 25. Nd4 Qc8 26. h3 g5 27. Nf5 Rg8 28. Kh2 Rg6 29. f4 Nxf4 30. Nxe7 Rxe7 31. Bxg5 Rxg5 32. Qxf4 Rgxe5 33. Qf6+ Kg8 34. Rf2 Nd5 35. Nxd5 cxd5 36. Rxd5 Qe8 37. Rxe5 Rxe5 38. Qf3 Qe7 39. Rd2 Kg7 40. Qc3 Kg6 41. Qxc4 Re3 42. Qd4 Kg5 43. Qd5+ Re5 1/2-1/2

[Event "Kragujevac-ch"]
[Site "Kragujevac"]
[Date "2013.03.21"]
[Round "1"]
[White "Jovanovic, Dusan D"]
[Black "Milosevic, Slavisa"]
[Result "1-0"]
[WhiteElo "2387"]
[BlackElo "2220"]
[PlyCount "47"]
[EventDate "2013.03.21"]
[EventType "tourn"]
[EventRounds "9"]
[EventCountry "SRB"]
[SourceTitle "CBM 153 Extra"]
[Source "ChessBase"]
[SourceDate "2013.04.22"]
[SourceVersion "1"]
[SourceVersionDate "2013.04.22"]
[SourceQuality "1"]

1. Nf3 b5 2. e4 Bb7 3. Bxb5 Bxe4 4. 0-0 Nf6 5. d4 e6 6. c4 Be7 7. Nc3 Bb7 8. d5 0-0 9. Re1 Bb4 10. Bg5 c6 11. Ba4 Bxc3 12. bxc3 cxd5 13. Ne5 h6 14. Bxf6 gxf6 15. Qg4+ Kh7 16. Bc2+ f5 17. Bxf5+ Kh8 18. Qh5 Qf6 19. Bc2 dxc4 20. Rad1 Bd5 21. Be4 Bxe4 22. Rxe4 d5 23. Rh4 Kh7 24. Rdd4 1-0

[Event "SRB-chT2 West CS"]
[Site "Serbia"]
[Date "2012.09.15"]
[Round "2.3"]
[White "Kiproski, Branislav"]
[Black "Milosevic, Slavisa"]
[Result "1/2-1/2"]
[WhiteElo "2042"]
[BlackElo "2247"]
[PlyCount "91"]
[EventDate "2012.09.14"]
[EventType "team"]
[EventRounds "10"]
[EventCountry "SRB"]
[SourceTitle "EXT 2015"]
[Source "ChessBase"]
[SourceDate "2014.11.20"]
[SourceVersion "1"]
[SourceVersionDate "2014.11.20"]
[SourceQuality "1"]

1. d4 Nf6 2. Bg5 c5 3. Nc3 cxd4 4. Qxd4 Nc6 5. Qh4 d6 6. e4 Qa5 7. 0-0-0 Be6 8. a3 h6 9. Bd2 g5 10. Qg3 Rc8 11. h4 g4 12. Nge2 b5 13. Nd5 Nxe4 14. Bxa5 Nxg3 15. Nxg3 Nxa5 16. Bxb5+ Kd8 17. Nf4 Bg7 18. Nxe6+ fxe6 19. Be2 Rf8 20. f3 Nc4 21. Bxc4 Rxc4 22. Rd3 Be5 23. Ne4 gxf3 24. gxf3 Rg8 25. b3 Rc6 26. Kd1 Ke8 27. c4 Bf4 28. Re1 Kf7 29. Rc3 Rgc8 30. Rd3 a5 31. a4 Rg8 32. Re2 Rg1+ 33. Re1 Rg8 34. Re2 Be5 35. Rdd2 Bf4 36. Rd3 Rg1+ 37. Re1 Rxe1+ 38. Kxe1 Kg6 39. Kf2 Kh5 40. Nc3 Be5 41. Ne2 Kxh4 42. f4 Bf6 43. Rg3 Rc5 44. Kf3 Rf5 45. Rg4+ Kh3 46. Rg3+ 1/2-1/2

[Event "SRB-chT Cup"]
[Site "Kragujevac"]
[Date "2012.05.15"]
[Round "2"]
[White "Savic, Miodrag R"]
[Black "Milosevic, Slavisa"]
[Result "1-0"]
[WhiteElo "2515"]
[BlackElo "2254"]
[PlyCount "49"]
[EventDate "2012.05.14"]
[EventType "team-swiss"]
[EventRounds "7"]
[EventCountry "SRB"]
[SourceTitle "CBM 148 Extra"]
[Source "ChessBase"]
[SourceDate "2012.06.22"]
[SourceVersion "1"]
[SourceVersionDate "2012.06.22"]
[SourceQuality "1"]
[WhiteTeam "Belgrade Lasta"]
[BlackTeam "Valjevo"]
[WhiteTeamCountry "SRB"]
[BlackTeamCountry "SRB"]

1. e4 d6 2. d4 Nf6 3. Nd2 e5 4. c3 c6 5. Ngf3 Qc7 6. Bd3 Be7 7. 0-0 0-0 8. Re1 Nfd7 9. h3 Re8 10. Nf1 Bf8 11. Ng3 g6 12. Bg5 Bg7 13. Qd2 Nf8 14. Bh6 Ne6 15. Bc4 Bd7 16. Bxe6 Bxe6 17. Qg5 Bxh6 18. Qxh6 Nd7 19. Rad1 Bxa2 20. Nh4 Nf8 21. Nhf5 f6 22. Nh5 gxf5 23. exf5 Re7 24. Rd3 Kh8 25. Qxf6+ 1-0

[Event "Kragujevac-ch"]
[Site "Kragujevac"]
[Date "2012.03.05"]
[Round "11"]
[White "Milosevic, Slavisa"]
[Black "Novoselski, Zoran"]
[Result "1-0"]
[WhiteElo "2236"]
[BlackElo "2389"]
[PlyCount "77"]
[EventDate "2012.02.20"]
[EventType "tourn"]
[EventRounds "11"]
[EventCountry "SRB"]
[SourceTitle "EXT 2019"]
[Source "ChessBase"]
[SourceDate "2018.10.10"]
[SourceVersion "1"]
[SourceVersionDate "2018.10.10"]
[SourceQuality "1"]

1. e4 d6 2. d4 Nf6 3. Nc3 c6 4. Nf3 Bg4 5. Be3 Qa5 6. Qd2 b5 7. h3 Bh5 8. Bd3 Bxf3 9. gxf3 e5 10. a3 a6 11. b4 Qc7 12. a4 bxa4 13. Rxa4 Qb7 14. 0-0 Be7 15. Ne2 Nh5 16. Ra5 Bd8 17. Ra2 0-0 18. c3 exd4 19. cxd4 d5 20. Ng3 Nxg3 21. fxg3 Qc8 22. Kg2 Ra7 23. Qc2 dxe4 24. fxe4 Be7 25. e5 g6 26. d5 Rb7 27. d6 Bd8 28. Qc3 Bb6 29. Bh6 Re8 30. Bc4 c5 31. Qb3 Rxe5 32. Bxf7+ Kh8 33. Qc3 Qc6+ 34. Kh2 Nd7 35. Bf8 Qd5 36. Rd2 cxb4 37. Rxd5 bxc3 38. Rxe5 Bd4 39. Be7 1-0

[Event "Kragujevac-ch"]
[Site "Kragujevac"]
[Date "2012.02.29"]
[Round "8"]
[White "Ugrenovic, Bozidar"]
[Black "Milosevic, Slavisa"]
[Result "0-1"]
[WhiteElo "2135"]
[BlackElo "2236"]
[PlyCount "58"]
[EventDate "2012.02.20"]
[EventType "tourn"]
[EventRounds "11"]
[EventCountry "SRB"]
[SourceTitle "EXT 2019"]
[Source "ChessBase"]
[SourceDate "2018.10.10"]
[SourceVersion "1"]
[SourceVersionDate "2018.10.10"]
[SourceQuality "1"]

1. d4 b5 2. Nf3 Bb7 3. Bf4 e6 4. Nbd2 Nf6 5. e3 a6 6. Bd3 c5 7. c3 Be7 8. e4 d6 9. dxc5 dxc5 10. Qe2 c4 11. Bc2 Nbd7 12. e5 Nd5 13. Bg3 Nc5 14. 0-0 Qc7 15. Nd4 h5 16. h4 Qd8 17. N2f3 g5 18. hxg5 Bxg5 19. Nxg5 Qxg5 20. Nf3 Qg4 21. Rfe1 h4 22. Nxh4 Rxh4 23. Bxh4 Qxh4 24. g3 Qh6 25. f3 0-0-0 26. Kg2 Rg8 27. Rh1 Nf4+ 28. Kf2 Qxh1 29. Rxh1 Nxe2 0-1

[Event "Kragujevac-ch"]
[Site "Kragujevac"]
[Date "2012.02.26"]
[Round "6"]
[White "Milosevic, Slavisa"]
[Black "Radovic, Luka"]
[Result "1-0"]
[WhiteElo "2236"]
[BlackElo "1969"]
[PlyCount "69"]
[EventDate "2012.02.20"]
[EventType "tourn"]
[EventRounds "11"]
[EventCountry "SRB"]
[SourceTitle "EXT 2019"]
[Source "ChessBase"]
[SourceDate "2018.10.10"]
[SourceVersion "1"]
[SourceVersionDate "2018.10.10"]
[SourceQuality "1"]

1. e4 Nf6 2. d3 e5 3. Nf3 Nc6 4. c3 d5 5. Qc2 Be7 6. Be2 0-0 7. 0-0 h6 8. b4 a6 9. a3 Bg4 10. Re1 Qd7 11. Nbd2 Rad8 12. Bb2 Rfe8 13. Bf1 Bf8 14. Rad1 dxe4 15. dxe4 Qc8 16. Be2 Nh5 17. h3 Bxh3 18. gxh3 Qxh3 19. Nh2 Nf4 20. Bf1 Qh5 21. Ndf3 Rxd1 22. Rxd1 Re6 23. Bc1 Rg6+ 24. Kh1 Nh3 25. Qe2 f5 26. Bxh3 Qxh3 27. Rg1 Rxg1+ 28. Kxg1 f4 29. Qd3 Qh5 30. Qd5+ Qf7 31. c4 Be7 32. Bb2 Bf6 33. Ng4 Kf8 34. Qxf7+ Kxf7 35. Nfxe5+ 1-0

[Event "Kragujevac-ch"]
[Site "Kragujevac"]
[Date "2012.02.23"]
[Round "4"]
[White "Milosevic, Slavisa"]
[Black "Markovic, Slavoljub"]
[Result "1/2-1/2"]
[WhiteElo "2236"]
[BlackElo "2200"]
[PlyCount "24"]
[EventDate "2012.02.20"]
[EventType "tourn"]
[EventRounds "11"]
[EventCountry "SRB"]
[SourceTitle "EXT 2019"]
[Source "ChessBase"]
[SourceDate "2018.10.10"]
[SourceVersion "1"]
[SourceVersionDate "2018.10.10"]
[SourceQuality "1"]

1. e4 b6 2. d4 Bb7 3. Bd3 Nf6 4. f3 e6 5. c4 Bb4+ 6. Nc3 c5 7. a3 cxd4 8. axb4 dxc3 9. bxc3 Qc7 10. Ne2 Nc6 11. f4 0-0 12. 0-0 a5 1/2-1/2

[Event "Kragujevac-ch"]
[Site "Kragujevac"]
[Date "2012.02.20"]
[Round "1"]
[White "Lazic, Dragoljub"]
[Black "Milosevic, Slavisa"]
[Result "1/2-1/2"]
[WhiteElo "2302"]
[BlackElo "2236"]
[PlyCount "91"]
[EventDate "2012.02.20"]
[EventType "tourn"]
[EventRounds "11"]
[EventCountry "SRB"]
[SourceTitle "EXT 2019"]
[Source "ChessBase"]
[SourceDate "2018.10.10"]
[SourceVersion "1"]
[SourceVersionDate "2018.10.10"]
[SourceQuality "1"]

1. e4 c5 2. Nf3 e6 3. Nc3 Nc6 4. d4 cxd4 5. Nxd4 Bc5 6. Nb3 Bb6 7. Be2 Nge7 8. Bf4 0-0 9. Bd6 f5 10. 0-0 Rf7 11. Qd2 a6 12. Rad1 Ba7 13. a4 Bb8 14. Nc5 Qb6 15. Bh5 g6 16. Bf3 Bxd6 17. Qxd6 Qxb2 18. Qd2 Qa3 19. Nb3 Qb4 20. exf5 Ne5 21. Be2 Nxf5 22. Rfe1 d6 23. Bf1 Bd7 24. Ne4 Qxd2 25. Rxd2 Bxa4 26. Nxd6 Nxd6 27. Rxe5 Nf5 28. Nc5 Bc6 29. Bc4 Kh8 30. Nxe6 Re7 31. f4 Rae8 32. Nd8 Rxe5 33. Nf7+ Kg7 34. Nxe5 Ba4 35. Nf3 Re4 36. Bd5 Rxf4 37. Bxb7 Bb5 38. g3 Rb4 39. Kf2 a5 40. Bd5 Ne7 41. c3 Rb1 42. c4 Nxd5 43. cxd5 Kf6 44. Ra2 a4 45. Nd4 Bd7 46. Nc6 1/2-1/2

[Event "SRB-chT2 West CS"]
[Site "Serbia"]
[Date "2011.10.15"]
[Round "9.5"]
[White "Milosevic, Slavisa"]
[Black "Andjelic, Stevan"]
[Result "0-1"]
[WhiteElo "2257"]
[BlackElo "2095"]
[PlyCount "102"]
[EventDate "2011.09.11"]
[EventType "team"]
[EventRounds "11"]
[EventCountry "SRB"]
[SourceTitle "EXT 2015"]
[Source "ChessBase"]
[SourceDate "2014.11.20"]
[SourceVersion "1"]
[SourceVersionDate "2014.11.20"]
[SourceQuality "1"]

1. e4 Nf6 2. d3 d5 3. Nd2 dxe4 4. dxe4 Nc6 5. c3 Ne5 6. Qc2 e6 7. Ngf3 Nxf3+ 8. Nxf3 Be7 9. Be2 0-0 10. 0-0 c5 11. e5 Ne8 12. Rd1 Qc7 13. Qe4 g6 14. Bh6 Ng7 15. h4 Bd7 16. h5 Bc6 17. Qg4 Bxf3 18. Bxf3 Rfd8 19. hxg6 hxg6 20. Re1 Nf5 21. Bf4 Kg7 22. Be4 Rh8 23. g3 Rad8 24. Kg2 Rh7 25. Rh1 Rdh8 26. Rxh7+ Rxh7 27. Rd1 Rh8 28. Qf3 b6 29. Bxf5 gxf5 30. c4 Rd8 31. Rh1 Rh8 32. Rxh8 Kxh8 33. g4 Qc8 34. Qh3+ Kg8 35. Qg3 Kh7 36. Qh3+ Kg8 37. Qh5 Bf8 38. Bg5 Bg7 39. gxf5 Qc6+ 40. Qf3 Qxf3+ 41. Kxf3 Bxe5 42. fxe6 fxe6 43. b3 Kf7 44. Ke4 Bd6 45. a3 Ke8 46. Bd2 a5 47. Bg5 Kd7 48. Bf6 Bc7 49. Kf3 Kc6 50. Kg4 Kd7 51. Kg5 Bh2 0-1

[Event "SRB-chT2 West CS"]
[Site "Serbia"]
[Date "2011.09.11"]
[Round "1.1"]
[White "Janjos, Slavisa"]
[Black "Milosevic, Slavisa"]
[Result "1/2-1/2"]
[WhiteElo "2154"]
[BlackElo "2257"]
[PlyCount "47"]
[EventDate "2011.09.11"]
[EventType "team"]
[EventRounds "11"]
[EventCountry "SRB"]
[SourceTitle "EXT 2015"]
[Source "ChessBase"]
[SourceDate "2014.11.20"]
[SourceVersion "1"]
[SourceVersionDate "2014.11.20"]
[SourceQuality "1"]

1. d4 Nf6 2. c4 e6 3. Nc3 Bb4 4. Nf3 c5 5. dxc5 Bxc5 6. e3 Nc6 7. Be2 0-0 8. 0-0 a6 9. b3 d5 10. cxd5 exd5 11. Bb2 Be6 12. Rc1 Qe7 13. Na4 Ba7 14. Bxa6 Nb4 15. Be2 Nxa2 16. Ra1 Nb4 17. Ba3 Bb8 18. Nd4 Rd8 19. Rc1 Bd7 20. Nc2 Bxa4 21. bxa4 Bd6 22. Nxb4 Bxb4 23. Bxb4 Qxb4 24. Rb1 1/2-1/2

[Event "SRB-chT2 West"]
[Site "Valjevo"]
[Date "2010.10.16"]
[Round "10"]
[White "Dumic, Marko"]
[Black "Milosevic, Slavisa"]
[Result "1/2-1/2"]
[WhiteElo "2250"]
[BlackElo "2280"]
[PlyCount "31"]
[EventDate "2010.09.12"]
[EventType "team-tourn"]
[EventRounds "9"]
[EventCountry "YUG"]
[SourceTitle "EXT 2011"]
[Source "ChessBase"]
[SourceDate "2010.11.26"]
[SourceVersion "1"]
[SourceVersionDate "2010.11.26"]
[SourceQuality "1"]

1. d4 f5 2. c4 Nf6 3. Nc3 g6 4. g3 Bg7 5. Bg2 0-0 6. Qb3 Nc6 7. Nf3 Ne4 8. e3 Nxc3 9. Qxc3 e5 10. Nxe5 Nxe5 11. dxe5 d6 12. 0-0 dxe5 13. Qc2 Qe7 14. Bd2 c6 15. Rfd1 Be6 16. b3 1/2-1/2

[Event "SRB-chT 1st League"]
[Site "Vrnjacka Banja"]
[Date "2009.09.22"]
[Round "5"]
[White "Jokovic, Dragan"]
[Black "Milosevic, Slavisa"]
[Result "1-0"]
[WhiteElo "2190"]
[BlackElo "2295"]
[PlyCount "35"]
[EventDate "2009.09.19"]
[EventType "team-swiss"]
[EventRounds "11"]
[EventCountry "YUG"]
[SourceTitle "CBM 132 Extra"]
[Source "ChessBase"]
[SourceDate "2009.11.03"]
[SourceVersion "1"]
[SourceVersionDate "2009.11.03"]
[SourceQuality "1"]

1. d4 g6 2. e4 Bg7 3. c3 d6 4. Bd3 Nf6 5. f4 0-0 6. Nf3 c6 7. 0-0 Nbd7 8. e5 Ne8 9. Ng5 Nb6 10. Qe2 Nc7 11. Nd2 f6 12. Nxh7 Kxh7 13. Qh5+ Kg8 14. Bxg6 Re8 15. Ne4 Be6 16. f5 Bd5 17. Qh7+ Kf8 18. Bh6 1-0